| 000 | 00721nam a2200229 i 4500 | ||
|---|---|---|---|
| 001 | bg | ||
| 100 | 1 | _aPATTERSON, Lois | |
| 245 | 1 | 0 |
_aPoznaj Microsoft Excel 97 w 24 godziny / _cLois R. Patterson ; tł. [z ang.] Władysław Szymczyk. |
| 246 |
_iTyt. oryg.: _aTeach yourself Microsoft Excel 97 in 24 hours |
||
| 260 |
_aWarszawa : _b"Intersoftland", _c1998. |
||
| 300 |
_aXX, 352 s. : _brys. ; _c24 cm. |
||
| 500 | _aOryg. : "Teach yourself Microsoft Excel 97 in 24 hours" 1997. | ||
| 650 | 9 | _aExcel | |
| 655 | _aPodręczniki | ||
| 020 | _a8386861452 | ||
| 040 | _cBPK | ||
| 041 | 1 |
_apl _hen |
|
| 080 | _a004.42Excel(07) | ||
| 920 | _a83-86861-45-2 | ||
| 942 | _cKS | ||
| 008 | s pl f |000 0 pol | ||
| 999 |
_c34046 _d34046 |
||
| 856 |
_uhttp://koha.tu.koszalin.pl/cgi-bin/koha/opac-detail.pl?biblionumber=34046 _yKatalog online BPK |
||